| 000 | 00525nam a2200181Ia 4500 | ||
|---|---|---|---|
| 999 |
_c32636 _d32636 |
||
| 003 | OSt | ||
| 005 | 20201013101109.0 | ||
| 008 | 190216s9999||||xx |||||||||||||| ||und|| | ||
| 020 | _a9788178796031 | ||
| 040 | _coclc | ||
| 082 |
_a158.12 _bSHA/P |
||
| 100 |
_aSharma, Sunil Kumar _95629 |
||
| 245 | 0 |
_aPractical Meditation / _cSunil Kumar Sharma |
|
| 260 |
_bSports Publication, _c2010. _aNew Delhi: |
||
| 300 | _a75p | ||
| 650 | _aSports And Games | ||
| 942 |
_cBK _2ddc _h158.12 _iSHA/P _k158.12 _mSHA/P |
||